000 00644nam a2200217 a 4500
001 21865
003 CO-ViMGA
008 141112s2004 ck r 000 u spa d
020 _a958545138X
040 _aCO-ViMGA
_bspa
_cCO-ViMGA
082 0 4 _aBODs
100 1 _aBodoc, Liliana
_931212
245 1 0 _aSucedió en colores
260 _aBogotá :
_bNorma,
_c2004
300 _a95
490 _aA partir de los 9 años
590 _aForma de adquisición : Reposición - - Precio : 17000 - - Fecha de adquisición : Julio 2007
650 1 4 _aNOVELA ARGENTINA - SIGLO XX
_94729
650 1 4 _aNOVELA HISTORICA ARGENTINA
_931213
942 _2ddc
_cBK
999 _c30409
_d30409